Erfolgreichste Animationsfilme in Deutschland mit Ausnahmen - Statistiken

Allgemein
  • Dieses Quiz wurde 68 mal gespielt
    18 seit der letzten Aktualisierung
  • Das Durchschnittsergebnis liegt bei 10 aus 32
Antwortstatistiken
Jahr Zuschauer Studio Film % Korrekt
2002 7.299.318 BlueSky Ice Age
94%
2006 8.747.671 BlueSky Ice Age 2 - Jetzt taut's
83%
2009 8.709.881 BlueSky Ice Age 3 - Die Dinosaurier sind los
83%
2012 6.700.208 BlueSky Ice Age 4 - Voll verschoben
83%
2010 2.522.491 Illumination Ich - Einfach unverbesserlich
61%
2015 6.956.797 Illumination Minions
61%
2001 3.665.662 DreamWorks Shrek - Der tollkühne Held
56%
2013 3.668.203 Illumination Ich - Einfach unverbesserlich 2
50%
2017 4.654.715 Illumination Ich - Einfach unverbesserlich 3
50%
2004 5.322.625 DreamWorks Shrek 2 - Der tollkühne Held kehrt zurück
50%
2024 4.346.545 Illumination Ich - Einfach unverbesserlich 4
33%
2008 3.161.875 DreamWorks Kung Fu Panda
33%
1971 6.241.501 Dargaud Films / Belvision Asterix der Gallier
22%
2014 2.734.512 DreamWorks Drachenzähmen leicht gemacht 2
22%
2005 6.713.580 DreamWorks Madagascar
22%
2006 3.421.931 DreamWorks Ab durch die Hecke
17%
1976 7.198.628 Studios Idéfix / Dargaud Films / Halas and Batchelor Asterix erobert Rom
17%
2011 3.195.670 DreamWorks Der gestiefelte Kater
17%
1987 2.937.686 Dargaud Films Asterix bei den Briten
11%
1989 2.679.034 Dargaud Films Asterix - Operation Hinkelstein
11%
1986 3.149.280 Dargaud Films Asterix - Sieg über Cäsar
11%
1970 7.437.635 Dargaud Films / Belvision Asterix und Kleopatra
11%
1980 6.070.690 DreamWorks Madagascar 2
11%
2012 3.973.140 DreamWorks Madagascar 3: Flucht durch Europa
11%
2007 3.929.722 DreamWorks Shrek der Dritte
11%
2018 2.561.603 Sony Hotel Transsilvanien 3 - Ein Monster Urlaub
6%
2016 3.848.152 Illumination Pets
6%
2019 2.517.690 Illumination Pets 2
6%
1996 4.951.385 Constantin Film / Hahn Film AG / Trickompany Werner – Das muß kesseln!!!
6%
2023 5.324.088 Illumination Der Super Mario Bros. Film
0%
2016 2.925.545 BlueSky Ice Age - Kollision voraus!
0%
2022 4.178.040 Illumination Minions - Auf der Suche nach dem Mini-Boss
0%
Keine übereinstimmenden Quizze gefunden
Verteilung der Resultate
Anzahl Personen mit jedem Resultat
Perzentil nach korrekt beantworteten Fragen
Ihre Resultats-Entwicklung
Sie haben dieses Quiz seit der letzten Aktualisierung nicht gespielt